00465nam a2200121Ia 4500008004100000245016300041260002400204260000900228300000700237650002300244650001200267856006400279170516s9999 xx 000 0 und d aAssessment of heavy metal tolerance and hexavalent chromium reducing potential of Corynebacterium paurometabolum SKPD 1204 isolated from chromite mine seepage bAIMS Bioengineering c2016 a:3 xMedical Technology xMedtech uhttp://www.aimspress.com/journal/Bioengineering/2016/3.html